[Event "52nd Groningen Open"]
[Site "Groningen NED"]
[Date "2014.12.21"]
[Round "1.26"]
[White "Koop, Thorben"]
[Black "Dijkhuis, Sven"]
[Result "1-0"]
[WhiteTitle "FM"]
[WhiteElo "2396"]
[BlackElo "2126"]
[WhiteFideId "24661619"]
[BlackFideId "1036556"]
[EventDate "2014.12.21"]

1. Nf3 d5 2. g3 Nf6 3. Bg2 c5 4. O-O Nc6 5. d4 e6 6. c4 cxd4 7. Nxd4 Bc5 8. Nxc6
bxc6 9. Qc2 Be7 10. b3 O-O 11. Bb2 c5 12. Nc3 Rb8 13. cxd5 exd5 14. Rfd1 Be6 15.
Rd2 d4 16. e3 Qc7 17. exd4 cxd4 18. Rxd4 Nd7 19. Qd2 Bc5 20. Rd3 Ne5 21. Nd5
Bxd5 22. Rxd5 Rbd8 23. Rc1 Rxd5 24. Qxd5 Rc8 25. Qxe5 Qxe5 26. Bxe5 Bxf2+ 27.
Kxf2 Rxc1 28. Be4 Kf8 29. Bd4 a6 30. a4 g6 31. Bd3 a5 32. Bb6 Rc3 33. Bc4 Rc2+
34. Kf3 Rxh2 35. Bxa5 1-0

[Event "52nd Groningen Open"]
[Site "Groningen NED"]
[Date "2014.12.21"]
[Round "1.27"]
[White "Schoehuijs, Erik"]
[Black "Bulmaga, Irina"]
[Result "1/2-1/2"]
[BlackTitle "IM"]
[WhiteElo "2125"]
[BlackElo "2392"]
[WhiteFideId "1004425"]
[BlackFideId "13903063"]
[EventDate "2014.12.21"]

1. d4 Nf6 2. c4 e6 3. Nc3 Bb4 4. Qc2 c6 5. Nf3 d5 6. Bd2 O-O 7. e3 Nbd7 8. Bd3
c5 9. O-O cxd4 10. Nxd5 Bxd2 11. Nxf6+ Nxf6 12. Qxd2 dxe3 13. Qxe3 Bd7 14. Ne5
Qc7 15. Nxd7 Nxd7 16. Rad1 Nf6 17. Rd2 e5 18. Rfd1 Rae8 19. Be2 a6 20. b4 e4 21.
c5 h6 22. Rd6 Re5 23. h3 Rg5 24. Bc4 Qc8 25. Qd2 Qf5 26. Qe3 Qg6 27. Bf1 Rf5 28.
Be2 Rg5 29. Bf1 Qf5 30. c6 bxc6 31. Rxc6 Nd5 32. Qc5 Rd8 33. Qd4 Rd7 34. Kh1 Nf6
35. Qa1 Rxd1 36. Qxd1 Qxf2 37. Qe2 Qf4 38. Rxa6 Nh5 39. Kg1 Qe5 40. Qe3 Nf4 41.
Ra3 Nd5 42. Qc5 Kh7 43. b5 e3 44. Rb3 g6 45. Qc4 Kg7 46. b6 Nf4 47. Qc3 Qxc3 48.
Rxc3 e2 49. Kf2 Nd5 50. b7 Nxc3 51. Bxe2 Rf5+ 52. Ke1 Nxe2 53. b8=Q Nf4 54. Qb2+
Kh7 55. Qb7 Nd3+ 56. Kd2 Nc5 57. Qc6 h5 58. g4 hxg4 59. hxg4 Re5 60. Qc7 Rd5+
61. Ke2 Kg7 62. Kf3 g5 63. Qc6 Re5 64. a4 Ne6 65. Qc3 f6 66. a5 Nc5 67. Qc4 f5
68. a6 Nxa6 69. Qxa6 fxg4+ 70. Kxg4 Kf7 71. Qd6 Re6 72. Qd5 Ke7 73. Kxg5 Rd6 74.
Qc5 Ke6 75. Kg6 Rd5 76. Qe3+ Re5 77. Qd4 Rd5 78. Qe4+ Kd6 79. Kf6 Kc5 80. Ke6
Rd6+ 81. Ke5 Rd7 82. Qc2+ Kb6 83. Qb3+ Kc6 84. Qc4+ Kb6 85. Qe6+ Kc7 86. Qa6
Re7+ 87. Kf6 Rd7 88. Ke6 Rd8 89. Qa5+ Kc8 90. Qb6 Re8+ 91. Kd6 Re6+ 1/2-1/2

[Event "52nd Groningen Open"]
[Site "Groningen NED"]
[Date "2014.12.21"]
[Round "1.28"]
[White "Senders, Mischa"]
[Black "Warmerdam, Max"]
[Result "1-0"]
[WhiteTitle "FM"]
[WhiteElo "2380"]
[BlackElo "2123"]
[WhiteFideId "1038370"]
[BlackFideId "1048104"]
[EventDate "2014.12.21"]

1. e4 e5 2. Nf3 Nc6 3. Bb5 a6 4. Ba4 Nf6 5. O-O Be7 6. Re1 b5 7. Bb3 d6 8. c3
O-O 9. h3 Bb7 10. d4 Re8 11. Nbd2 Bf8 12. a3 g6 13. Ba2 Bg7 14. b4 d5 15. exd5
Nxd5 16. Qb3 Nf4 17. Ne4 Nd3 18. Qxf7+ Kh8 19. Bg5 Rf8 20. Qe6 Nxe1 21. Bxd8
Nxd8 22. Qg4 Nc2 23. Rc1 Rf4 24. Qg5 Bxe4 25. Nxe5 Rf8 26. Bb1 Ne6 27. Qh4 Rf4
28. Qg3 Nxa3 29. Bxe4 Rxe4 30. Qf3 Ng5 31. Nf7+ Nxf7 32. Qxe4 Rf8 33. Qc6 Nd6
34. Qxc7 Nac4 35. Re1 Bf6 36. Re6 Bg5 37. g3 Nf5 38. f4 Bh6 39. Rxa6 Bg7 40. Ra7
Rg8 41. g4 Nfe3 42. Rb7 Nd5 43. Qd7 Nxc3 44. Kh1 Ne3 45. g5 Nf5 46. d5 Ne4 47.
Rxb5 Neg3+ 48. Kh2 Nh5 49. Qc7 Bf8 50. Rb6 Nhg7 51. Rb8 Bd6 52. Rxg8+ Kxg8 53.
Qd8+ Kf7 54. Qd7+ Kf8 55. b5 Nh5 56. b6 Nxf4 57. b7 Nxd5+ 58. Qxd6+ Nxd6 59.
b8=Q+ Ne8 60. Qe5 Ne7 61. Qh8+ Kf7 62. Qxh7+ Ng7 63. h4 Nf5 64. Kg2 Ne7 65. Kf3
Nf5 66. Kf4 Ne7 67. Ke5 Nc6+ 68. Kd5 Ne7+ 69. Kd6 Nf5+ 70. Kd7 Ng3 71. Qh8 N3f5
72. Qc8 Nh5 73. Qc4+ Kg7 74. Ke6 Kh7 75. Qc7+ Kg8 76. Qd8+ Kg7 77. Qd7+ Kg8 78.
Qe8+ Kg7 79. Qf7+ Kh8 80. Qf8+ Kh7 81. Kf7 1-0

[Event "52nd Groningen Open"]
[Site "Groningen NED"]
[Date "2014.12.21"]
[Round "1.29"]
[White "Boersma, Jan"]
[Black "Baghdasaryan, Vahe"]
[Result "0-1"]
[BlackTitle "IM"]
[WhiteElo "2119"]
[BlackElo "2368"]
[WhiteFideId "1003267"]
[BlackFideId "13303139"]
[EventDate "2014.12.21"]

1. e4 c5 2. f4 d5 3. exd5 Nf6 4. Bb5+ Bd7 5. Bxd7+ Qxd7 6. Nf3 Nxd5 7. O-O Nxf4
8. d4 Ng6 9. d5 Na6 10. c4 Nc7 11. Nc3 e5 12. Ng5 f6 13. Nge4 f5 14. Ng3 f4 15.
Nge4 O-O-O 16. a3 Nh4 17. b4 Na6 18. b5 Nb8 19. b6 a6 20. Qh5 Nf5 21. Rb1 g6 22.
Qd1 Nd4 23. a4 Qf5 24. Ba3 Nd7 25. g4 Qf7 26. Kh1 Kb8 27. Qd3 Rc8 28. a5 h6 29.
Rbe1 g5 30. Qh3 Nc2 31. Bc1 Nxe1 32. Rxe1 h5 33. Nxg5 Qg8 34. Nce4 Be7 35. gxh5
Rd8 36. Ne6 Rc8 37. Bb2 Qh7 38. d6 Bd8 39. Nc7 Qxh5 40. Qxh5 Rxh5 41. Rg1 Rh3
42. Nd5 Rh7 43. Nc7 Bh4 44. Rg6 Rch8 45. Re6 Bd8 46. Bxe5 Rxh2+ 47. Kg1 Rh1+ 48.
Kf2 R8h2+ 49. Kf3 Rf1+ 50. Kg4 Rh4+ 51. Kf5 Rh5+ 52. Kg4 Nxe5+ 0-1

[Event "52nd Groningen Open"]
[Site "Groningen NED"]
[Date "2014.12.21"]
[Round "1.30"]
[White "Kevlishvili, Robby"]
[Black "Henseler, Jorgen"]
[Result "1/2-1/2"]
[WhiteTitle "FM"]
[WhiteElo "2366"]
[BlackElo "2110"]
[WhiteFideId "1040634"]
[BlackFideId "1023233"]
[EventDate "2014.12.21"]

1. e4 c6 2. d4 d5 3. Nc3 dxe4 4. Nxe4 Nd7 5. Nf3 Ngf6 6. Nxf6+ Nxf6 7. Bc4 Bf5
8. O-O e6 9. c3 Be7 10. h3 O-O 11. Bf4 Qb6 12. Qe2 c5 13. Rad1 Rfd8 14. Be5 h6
15. dxc5 Bxc5 16. Nd4 Bg6 17. Nb3 Be7 18. Bd4 Qc7 19. Rfe1 Kf8 20. Bd3 Bxd3 21.
Rxd3 b6 22. Rf3 Rac8 23. Be5 Qc4 24. Qc2 Rd5 25. Qb1 Rcd8 26. Nd4 Kg8 27. Qc1
Ne8 28. Nc2 Bg5 29. Bf4 Bxf4 30. Rxf4 Qc5 31. Rg4 Rg5 32. Rxg5 Qxg5 33. Ne3 Nf6
34. Rd1 Rxd1+ 35. Qxd1 Ne4 36. Qd4 Qf4 37. Nf1 e5 38. Qd8+ Kh7 39. f3 Ng3 40.
Qd3+ g6 41. Nxg3 Qxg3 42. Qe3 Qg5 43. Qxg5 hxg5 44. Kf2 Kg7 45. Ke3 Kf6 46. c4
Ke6 47. b4 Kd6 48. a3 a6 49. Kd3 f5 50. Ke3 Kc6 51. Kd3 Kd6 52. Ke3 Kc6 53. Kd3 1/2-1/2

[Event "52nd Groningen Open"]
[Site "Groningen NED"]
[Date "2014.12.21"]
[Round "1.31"]
[White "Sparenberg, Erik"]
[Black "Beukema, Stefan"]
[Result "1/2-1/2"]
[BlackTitle "FM"]
[WhiteElo "2105"]
[BlackElo "2364"]
[WhiteFideId "1013262"]
[BlackFideId "1024523"]
[EventDate "2014.12.21"]

1. e4 e5 2. Nf3 Nc6 3. Bb5 a6 4. Ba4 Nf6 5. O-O Be7 6. Re1 b5 7. Bb3 d6 8. c3
O-O 9. h3 Na5 10. Bc2 c5 11. d4 Qc7 12. Nbd2 cxd4 13. cxd4 Nc6 14. Nb3 a5 15.
Be3 a4 16. Nbd2 Bd7 17. Rc1 Qb7 18. Bb1 Rfe8 19. d5 Nb4 20. Nf1 Rec8 21. Qd2 Na6
22. g4 h5 23. g5 Nh7 24. Kh2 Rxc1 25. Rxc1 Rc8 26. Ng3 g6 27. Rg1 Rf8 28. Nh4
Qc8 29. f4 exf4 30. Bxf4 Bxh3 31. Ngf5 gxf5 32. exf5 Bg4 33. f6 Bxf6 34. Qd3
Nxg5 35. Bxg5 Be5+ 36. Kh1 f5 37. Rxg4 hxg4 38. Nxf5 Rxf5 39. Qxf5 Qxf5 40. Bxf5
Bxb2 41. Bd3 Nc7 42. Bd8 Nxd5 43. Bxb5 Nc3 44. Bd7 a3 45. Ba5 Ne4 46. Kg2 Nf6
47. Be6+ Kg7 48. Bd8 Ne4 49. Bxg4 Kf7 50. Bf3 d5 51. Ba5 Ke6 52. Kf1 Ke5 53. Ke2
Kd4 54. Kd1 Ke3 55. Bxe4 dxe4 56. Kc2 Kf3 57. Bd2 Be5 58. Bb4 Bb2 59. Bc5 Ke2
60. Bb4 Kf2 61. Bc5+ Kf3 62. Kd2 Kf4 63. Kc2 Ke5 64. Be3 Bd4 65. Bc1 Bc5 66. Kc3
Kf5 67. Kc4 Be7 68. Kd5 Bb4 69. Be3 Bc3 70. Bc1 Bb2 71. Bd2 Be5 72. Bc1 Bc3 73.
Be3 Bb2 74. Bd2 Be5 75. Be3 Bf4 76. Bf2 Bd2 77. Kd4 Kf4 78. Kc4 Kf3 79. Bc5 Bc1
80. Kc3 Ke2 81. Kc2 Bb2 82. Bd6 Kf3 83. Bc5 Kf4 84. Kd2 Ke5 85. Kc2 Kd5 86. Be3
Kc4 87. Bg5 Bd4 88. Bc1 Bc5 89. Bg5 Kd4 90. Bf4 Bf8 91. Bc1 Ke5 92. Kc3 Kd5 93.
Be3 Bg7+ 94. Kc2 Ke5 95. Bc5 Kf4 96. Bxa3 e3 97. Bc1 Kf3 98. Bxe3 Kxe3 1/2-1/2

[Event "52nd Groningen Open"]
[Site "Groningen NED"]
[Date "2014.12.21"]
[Round "1.32"]
[White "Berkovich, Mark A"]
[Black "De Groot, Hendrik"]
[Result "1/2-1/2"]
[WhiteTitle "IM"]
[WhiteElo "2362"]
[BlackElo "2097"]
[WhiteFideId "2801639"]
[BlackFideId "1037021"]
[EventDate "2014.12.21"]

1. c4 f5 2. Nf3 Nf6 3. Nc3 g6 4. g3 Bg7 5. Bg2 O-O 6. O-O d6 7. d4 c6 8. d5 e5
9. dxe6 Bxe6 10. Qd3 Qe7 11. Bf4 d5 12. Ng5 dxc4 13. Qe3 Re8 14. Rad1 Bf7 15.
Qf3 Ng4 16. e4 Nd7 17. exf5 gxf5 18. Nxf7 Qxf7 19. Bh3 h5 20. Bd6 1/2-1/2

[Event "52nd Groningen Open"]
[Site "Groningen NED"]
[Date "2014.12.21"]
[Round "1.33"]
[White "Kampman, Tijmen"]
[Black "Chu, Wei Chao"]
[Result "0-1"]
[BlackTitle "IM"]
[WhiteElo "2084"]
[BlackElo "2361"]
[WhiteFideId "1009079"]
[BlackFideId "8605661"]
[EventDate "2014.12.21"]

1. c4 g6 2. g3 Bg7 3. Bg2 Nf6 4. Nc3 d6 5. Rb1 c5 6. a3 Nc6 7. d3 O-O 8. e4 Bg4
9. f3 Bd7 10. Nge2 a6 11. Be3 Rc8 12. O-O e6 13. Qd2 Re8 14. h3 Ne7 15. f4 Bc6
16. d4 d5 17. e5 Nd7 18. Rfd1 dxc4 19. Bxc6 bxc6 20. dxc5 Nd5 21. Ne4 f6 22. Nd6
fxe5 23. Rbc1 Rb8 24. Nxe8 Qxe8 25. Nc3 Qe7 26. Re1 Nxc5 27. Bxc5 Qxc5+ 28. Kh1
exf4 29. Rxe6 fxg3 30. Ne4 Qf8 31. Rxc6 Qf5 32. Nxg3 Qxh3+ 33. Qh2 Qd7 34. R6xc4
Ne3 35. Nf1 Qb7+ 36. Kg1 Nxc4 37. Rxc4 Qxb2 38. Qd6 Rf8 39. Qe6+ Kh8 40. Rc8
Qf2+ 0-1

[Event "52nd Groningen Open"]
[Site "Groningen NED"]
[Date "2014.12.21"]
[Round "1.34"]
[White "Pijpers, Arthur"]
[Black "Fluit, Johnny"]
[Result "1-0"]
[WhiteElo "2355"]
[BlackElo "2081"]
[WhiteFideId "1019554"]
[BlackFideId "1016253"]
[EventDate "2014.12.21"]

1. e4 c6 2. d4 d5 3. Nc3 dxe4 4. Nxe4 Nd7 5. Ng5 Ngf6 6. Bd3 e6 7. N1f3 Bd6 8.
Qe2 h6 9. Ne4 Nxe4 10. Qxe4 Qc7 11. O-O b6 12. Qg4 Kf8 13. b3 Bb7 14. Re1 Nf6
15. Qh3 Nd5 16. Ne5 Bb4 17. c4 Nf6 18. Bg6 Bxe1 19. Ba3+ c5 20. Rxe1 Rd8 21.
Nxf7 Rxd4 22. Nxh8 e5 23. Bb2 Rg4 24. f3 Rg5 25. Bc1 Qd6 26. Bxg5 hxg5 27. Qf5
Qd4+ 28. Kh1 e4 29. Qe6 Qf2 30. Qf7# 1-0

[Event "52nd Groningen Open"]
[Site "Groningen NED"]
[Date "2014.12.21"]
[Round "1.35"]
[White "Keetman, Maaike"]
[Black "Hoeksema, Hendrik Pieter"]
[Result "0-1"]
[BlackTitle "IM"]
[WhiteElo "2074"]
[BlackElo "2342"]
[WhiteFideId "1033697"]
[BlackFideId "1000454"]
[EventDate "2014.12.21"]

1. e4 c5 2. Nc3 Nc6 3. Bb5 Nd4 4. Bc4 e6 5. Nge2 Ne7 6. O-O d5 7. exd5 exd5 8.
Nxd5 Nxd5 9. Nxd4 Nc7 10. Nf3 Be6 11. Bxe6 Nxe6 12. d3 Be7 13. Be3 Bf6 14. c3
O-O 15. Qc2 Qd7 16. Rad1 Rac8 17. Qb3 b5 18. d4 c4 19. Qc2 Qd5 20. Nd2 Rfe8 21.
Ne4 Be7 22. Ng3 g6 23. f4 f5 24. Rf3 Bd6 25. Nf1 Re7 26. Qf2 Rce8 27. Bd2 Qb7
28. Ne3 Nc7 29. Qg3 Qe4 30. Re1 Qd3 31. Qf2 Kh8 32. Nf1 Qc2 33. Be3 Qa4 34. a3
Nd5 35. g3 a5 36. Bd2 Nf6 37. Rxe7 Rxe7 38. d5 Ne4 39. Qg2 Qd1 40. Re3 Bc5 41.
d6 Rd7 42. Kh1 Nxd2 0-1

[Event "52nd Groningen Open"]
[Site "Groningen NED"]
[Date "2014.12.21"]
[Round "1.36"]
[White "Brzeski, Maciej"]
[Black "Gutkind, Kedem"]
[Result "1-0"]
[WhiteElo "2332"]
[BlackElo "2064"]
[WhiteFideId "1121537"]
[BlackFideId "1046519"]
[EventDate "2014.12.21"]

1. e4 e6 2. d4 d5 3. Nd2 c5 4. Ngf3 cxd4 5. exd5 Qxd5 6. Bc4 Qd6 7. Qe2 Nf6 8.
Nb3 Nc6 9. Bg5 Qb4+ 10. Bd2 Qb6 11. O-O-O Bd7 12. Bg5 Rc8 13. Nfxd4 Be7 14. Nb5
Na5 15. Nxa5 Qxa5 16. Bxf6 gxf6 17. Nd6+ Bxd6 18. Rxd6 Qe5 19. Qd2 Rxc4 20. Rxd7
O-O 21. Rxb7 Rfc8 22. c3 Re4 23. Rd1 Re2 24. Qd4 Qxd4 25. Rxd4 Rxf2 26. Rd2 Rf1+
27. Kc2 Re8 28. Rxa7 e5 29. Rad7 e4 30. Re2 f5 31. Rd4 e3 32. g3 Kg7 33. Rf4
Rxf4 34. gxf4 Re4 35. Kd3 Rxf4 36. Kxe3 Rf1 37. Rf2 Rb1 38. a4 Kf6 39. a5 Ke5
40. Kf3 f4 41. Rd2 Ra1 42. b4 Rc1 43. Rd3 Rf1+ 44. Kg2 Rc1 45. a6 Ke4 46. Rf3
Rc2+ 47. Rf2 f3+ 48. Kg3 Rxc3 49. Ra2 Rc8 50. Kf2 Kd4 51. a7 Ra8 52. Kxf3 Kc4
53. Kf4 Kxb4 54. Kf5 Kb5 55. Kf6 Kb6 56. Kxf7 Kb7 57. h4 h5 58. Kg7 Kb6 59. Kg6
Kb7 60. Kxh5 Rh8+ 61. Kg6 Ka8 62. h5 Rg8+ 63. Kf7 Rh8 64. Ra5 Rh6 65. Kg7 Rc6
66. h6 Rc7+ 67. Kg6 Rc6+ 68. Kh5 Rc7 69. Rg5 1-0

[Event "52nd Groningen Open"]
[Site "Groningen NED"]
[Date "2014.12.21"]
[Round "1.37"]
[White "Savant, Riya"]
[Black "Von Meijenfeldt, Bart"]
[Result "1/2-1/2"]
[WhiteTitle "WFM"]
[BlackTitle "FM"]
[WhiteElo "2063"]
[BlackElo "2326"]
[WhiteFideId "5067359"]
[BlackFideId "1032259"]
[EventDate "2014.12.21"]

1. d4 Nf6 2. Nf3 g6 3. g3 Bg7 4. Bg2 O-O 5. O-O d6 6. c4 Nc6 7. Nc3 a6 8. h3 Bd7
9. d5 Na5 10. Qd3 c5 11. Rb1 b5 12. Nd2 bxc4 13. Nxc4 Bb5 14. Nxb5 axb5 15. Nxa5
Qxa5 16. a3 c4 17. Qe3 Qc7 18. Bd2 Nd7 19. Bb4 Nb6 20. Rfc1 Qb7 21. Rd1 Rfc8 22.
Rd2 c3 23. bxc3 Nc4 24. Qd3 Nxd2 25. Qxd2 Rc4 26. e3 Rac8 27. Rb3 Qc7 28. Bf1
Bxc3 29. Qd1 Bxb4 30. Bxc4 bxc4 31. Rxb4 Qa5 32. Qg4 f5 33. Qh4 Qc7 34. Rb2 c3
35. Rc2 Qb7 36. Qb4 Qxb4 37. axb4 Kf7 38. Kf1 Kf6 39. f4 Rc4 40. Ke2 Rxb4 41.
Rxc3 Rb2+ 42. Kf3 Rd2 43. Rc8 Rxd5 44. g4 fxg4+ 45. hxg4 h5 46. g5+ Kf7 47. Rh8
Kg7 48. Re8 e5 49. Ke4 Rd1 50. Re7+ Kf8 51. Re6 Kf7 52. Rf6+ Kg7 53. Kf3 exf4
54. exf4 d5 55. Rd6 Rd3+ 56. Ke2 Rd4 57. Ke3 Rd1 58. Ke2 Ra1 59. Rxd5 Ra2+ 60.
Kf3 Ra3+ 61. Kg2 Ra4 62. Kg3 Ra3+ 63. Kg2 1/2-1/2

[Event "52nd Groningen Open"]
[Site "Groningen NED"]
[Date "2014.12.21"]
[Round "1.38"]
[White "De Jong, Migchiel"]
[Black "Gieben, Stijn"]
[Result "1-0"]
[WhiteTitle "IM"]
[WhiteElo "2320"]
[BlackElo "2062"]
[WhiteFideId "1002848"]
[BlackFideId "1034170"]
[EventDate "2014.12.21"]

1. e4 c5 2. Nf3 e6 3. g3 a6 4. Bg2 b5 5. O-O Bb7 6. d3 Nf6 7. Re1 Be7 8. Nbd2
O-O 9. c3 d5 10. e5 Nfd7 11. Nf1 d4 12. c4 bxc4 13. dxc4 Nc6 14. Bf4 a5 15. h4
a4 16. Ng5 h6 17. Nh3 Qc7 18. Qh5 Rfb8 19. Be4 Na5 20. Nd2 Bxe4 21. Rxe4 Rxb2
22. Bxh6 g6 23. Qf3 Ra6 24. Rae1 Bf8 25. Bxf8 Nxf8 26. R4e2 Rxd2 27. Rxd2 Nxc4
28. Rde2 Nb6 29. Qd3 Ra8 30. Nf4 Rd8 31. h5 c4 32. Qf3 d3 33. Rd2 Nd5 34. h6
Nxf4 35. Qxf4 f5 36. Qe3 Kh7 37. Rc1 f4 38. gxf4 Kxh6 39. f5+ Kg7 40. Rxd3 Rxd3
41. Qxd3 Qxe5 42. Qc3 1-0

[Event "52nd Groningen Open"]
[Site "Groningen NED"]
[Date "2014.12.21"]
[Round "1.39"]
[White "Sandvik, Thomas"]
[Black "Van Foreest, Lucas"]
[Result "0-1"]
[WhiteElo "2060"]
[BlackElo "2319"]
[WhiteFideId "503231"]
[BlackFideId "1039792"]
[EventDate "2014.12.21"]

1. e4 e5 2. d4 exd4 3. Nf3 Nc6 4. Bc4 Nf6 5. O-O Nxe4 6. Re1 d5 7. Bxd5 Qxd5 8.
Nc3 Qa5 9. Nxe4 Be6 10. Neg5 O-O-O 11. Nxe6 fxe6 12. Rxe6 Be7 13. Qe2 Bf6 14. a3
Qf5 15. Re4 g5 16. Rb1 Rhg8 17. b4 g4 18. Nd2 Ne5 19. Rb3 d3 20. cxd3 Nf3+ 21.
Kh1 Nd4 22. Rxd4 Bxd4 23. Ne4 Rgf8 24. Be3 Qd5 25. Qxg4+ Kb8 26. Rb1 Bxe3 27.
fxe3 Qxd3 28. Ra1 Rf1+ 0-1

[Event "52nd Groningen Open"]
[Site "Groningen NED"]
[Date "2014.12.21"]
[Round "1.40"]
[White "Kolbus, Dietmar"]
[Black "Hummel, Paul"]
[Result "1-0"]
[WhiteTitle "IM"]
[WhiteElo "2317"]
[BlackElo "2049"]
[WhiteFideId "4610628"]
[BlackFideId "1021168"]
[EventDate "2014.12.21"]

1. c4 g6 2. e4 Bg7 3. d4 d6 4. Nc3 c5 5. d5 e5 6. Bd3 Ne7 7. f4 O-O 8. fxe5 Bxe5
9. Nf3 Bg4 10. O-O f5 11. Bg5 f4 12. Qd2 Bxf3 13. Rxf3 Nd7 14. Ne2 Rf7 15. Raf1
Qb6 16. b3 Qb4 17. Qc1 Raf8 18. Kh1 a5 19. Nxf4 Bxf4 20. Bxf4 Ne5 21. Bxe5 Rxf3
22. gxf3 dxe5 23. Qb2 g5 24. Qxe5 Ng6 25. Qxg5 Qc3 26. Be2 Qb2 27. Bd1 Kh8 28.
Qg2 Qe5 29. Rg1 Rf4 30. Qg5 Qd4 31. Qd8+ Rf8 32. Qxa5 Nf4 33. Bc2 Nh3 34. Rg3
Qa1+ 35. Kg2 Nf4+ 36. Kf2 Qd4+ 37. Kf1 Nh5 38. Ke2 Nf4+ 39. Ke1 Nh5 40. Qd2 Qa1+
41. Kf2 Nxg3 42. hxg3 Qf6 43. Qe3 Qb2 44. Qd3 Qe5 45. f4 Qh5 46. Qc3+ Kg8 47.
Qf3 Qh2+ 48. Qg2 Qh6 49. e5 b5 50. cxb5 c4 51. bxc4 Qb6+ 52. Ke2 Rc8 53. Qe4 Qh6
54. Qxh7+ Qxh7 55. Bxh7+ Kxh7 56. Kd3 Kg6 57. g4 Ra8 58. d6 Rxa2 59. Ke4 Kf7 60.
c5 Ra5 61. c6 Rxb5 62. c7 Rc5 63. d7 1-0

[Event "52nd Groningen Open"]
[Site "Groningen NED"]
[Date "2014.12.21"]
[Round "1.41"]
[White "Bhattacharjee, Sourav"]
[Black "Dijkhuis, Tycho"]
[Result "0-1"]
[BlackTitle "FM"]
[WhiteElo "2029"]
[BlackElo "2317"]
[WhiteFideId "1048090"]
[BlackFideId "1036564"]
[EventDate "2014.12.21"]

1. e4 c5 2. Nf3 Nc6 3. d3 g6 4. g3 Bg7 5. Bg2 Nf6 6. O-O d5 7. Nbd2 O-O 8. Re1
b6 9. c3 Bb7 10. Qe2 e5 11. h4 Qd7 12. exd5 Nxd5 13. Nc4 Rad8 14. h5 Rfe8 15.
hxg6 hxg6 16. Be3 Nf4 17. Bxf4 exf4 18. Qd2 b5 19. Rxe8+ Rxe8 20. Na3 b4 21. Nc4
bxc3 22. bxc3 fxg3 23. fxg3 Nb4 24. Rd1 Qg4 25. Kf2 Nd5 26. d4 cxd4 27. cxd4 Nf6
28. Nfe5 Ne4+ 29. Bxe4 Qxe4 30. Rg1 Re6 31. Qe3 Qd5 32. Qc3 f6 33. Nxg6 f5 34.
Nge5 Rh6 35. Kf1 Ba6 36. Ke1 Rh2 37. Qe3 Bxc4 38. Qa3 Qe4+ 0-1

[Event "52nd Groningen Open"]
[Site "Groningen NED"]
[Date "2014.12.21"]
[Round "1.42"]
[White "Beerdsen, Thomas"]
[Black "Dijkstra, Arjan"]
[Result "1/2-1/2"]
[WhiteTitle "FM"]
[WhiteElo "2314"]
[BlackElo "2029"]
[WhiteFideId "1030108"]
[BlackFideId "1021389"]
[EventDate "2014.12.21"]

1. e4 c6 2. d4 d5 3. f3 dxe4 4. fxe4 e5 5. Nf3 Bg4 6. Bc4 Nd7 7. O-O Bh5 8. c3
Bd6 9. Be3 Ngf6 10. Nbd2 exd4 11. Bxd4 Ne5 12. Bxe5 Bxe5 13. Bxf7+ Bxf7 14. Nxe5
Be6 15. Nef3 Qd3 16. Nd4 Bg4 17. N2f3 Qe3+ 18. Kh1 O-O-O 19. Qa4 Nxe4 20. Nc2
Qf4 21. Qxa7 Rhf8 22. Rae1 Nd6 23. Ncd4 Rde8 24. Rxe8+ Rxe8 25. Qa8+ Kd7 26. Qa5
Bxf3 27. Nxf3 Re2 28. Qc5 Kc7 29. Qa5+ Kd7 30. Rd1 Qg4 31. Qg5 Qxg5 32. Nxg5 Ke7
33. b3 h6 34. Nf3 Ne4 35. Nd4 Nxc3 36. Rf1 Rxa2 37. Nf5+ Kf6 38. Nxh6+ Ke6 39.
Nf7 Ne4 40. Nd8+ Kd7 41. Nf7 Rb2 42. Ne5+ Ke6 43. Nf3 Kd5 44. Rd1+ Kc5 45. Kg1
Rxb3 46. Nd4 Rb2 47. Ne6+ Kb5 48. h4 Nf6 49. Nxg7 c5 50. h5 c4 51. h6 c3 52. Nf5
Rd2 53. Rc1 c2 54. Rxc2 Rxc2 55. Nd4+ Kc4 56. Nxc2 Kd3 57. Nb4+ Ke4 58. g4 Nh7
59. Kf2 1/2-1/2

[Event "52nd Groningen Open"]
[Site "Groningen NED"]
[Date "2014.12.21"]
[Round "1.43"]
[White "Jarmany, John"]
[Black "Wacker, Peter"]
[Result "0-1"]
[BlackTitle "FM"]
[WhiteElo "2023"]
[BlackElo "2305"]
[WhiteFideId "415421"]
[BlackFideId "4615751"]
[EventDate "2014.12.21"]

1. e4 c5 2. c3 d5 3. exd5 Qxd5 4. d4 Nc6 5. Nf3 Nf6 6. Na3 Bg4 7. Be2 e6 8. O-O
Rc8 9. Nc2 cxd4 10. Ncxd4 Nxd4 11. Nxd4 Bxe2 12. Qxe2 Be7 13. Be3 a6 14. Rfd1
O-O 15. h3 Rfd8 16. Nb3 Qc6 17. Nd4 Qe4 18. Qf3 Qxf3 19. Nxf3 Nd5 20. Re1 Nxe3
21. Rxe3 Bf6 22. Kf1 Rd6 23. Rc1 h5 24. h4 b5 25. Rc2 a5 26. a3 b4 27. axb4 axb4
28. c4 Rdc6 29. b3 Ra6 30. Ke2 Ra3 31. g3 Kf8 32. Rd3 Ke7 33. Nd2 Rd8 34. Rxd8
Kxd8 35. Kd3 Be7 36. c5 Ra5 37. Kd4 Kc7 38. Ne4 Kc6 39. Rc4 f5 40. Ng5 Bxc5+ 41.
Kd3 Kd5 42. f4 Ra3 43. Kc2 Ra2+ 44. Kb1 Re2 45. Rc1 Re3 46. Rd1+ Bd4 47. Kc1
Rc3+ 48. Kb1 Rxb3+ 49. Kc2 Re3 50. Rb1 Kc4 51. Rd1 b3+ 52. Kb1 Re2 53. Kc1 Rc2+
54. Kb1 Ra2 55. Kc1 Bc3 56. Nxe6 Ra1# 0-1

[Event "52nd Groningen Open"]
[Site "Groningen NED"]
[Date "2014.12.21"]
[Round "1.44"]
[White "Lomasov, Semen"]
[Black "Veltman, Anne"]
[Result "1-0"]
[WhiteElo "2305"]
[BlackElo "2012"]
[WhiteFideId "24164879"]
[BlackFideId "1026917"]
[EventDate "2014.12.21"]

1. e4 e6 2. d4 d5 3. Nc3 Bb4 4. exd5 exd5 5. Bd3 Ne7 6. Qf3 c5 7. dxc5 d4 8. a3
Qa5 9. Rb1 dxc3 10. axb4 Qxb4 11. Ne2 Bg4 12. Qe4 Nc6 13. Qxb4 Nxb4 14. bxc3
Nxd3+ 15. cxd3 O-O-O 16. d4 Nd5 17. f3 Rhe8 18. Rb3 Rd7 19. fxg4 Rde7 20. O-O
Rxe2 21. c4 Nf6 22. Bf4 Nxg4 23. d5 Ne5 24. Ra1 Ng4 25. Rbb1 R8e4 26. c6 Rxf4
27. cxb7+ Kb8 28. Rxa7 Re1+ 29. Rxe1 Kxa7 30. Rb1 Kb8 31. c5 Nf6 32. c6 Nxd5 33.
Ra1 Nc7 34. Rd1 Rb4 35. Rd8+ Ka7 36. Rc8 Rxb7 37. cxb7 Kxb7 38. Rf8 Kc6 39. Rxf7
Ne6 40. Kf2 Kd6 41. Ke3 Ke5 42. g4 h6 43. h4 g6 44. h5 gxh5 45. Rf5+ Kd6 46.
Rxh5 1-0

[Event "52nd Groningen Open"]
[Site "Groningen NED"]
[Date "2014.12.21"]
[Round "1.45"]
[White "Benson, Oisin P."]
[Black "Baskin, Robert"]
[Result "0-1"]
[WhiteElo "2010"]
[BlackElo "2287"]
[WhiteFideId "2501821"]
[BlackFideId "24662402"]
[EventDate "2014.12.21"]

1. d4 Nf6 2. c4 g6 3. Nc3 Bg7 4. Nf3 O-O 5. e4 d6 6. Be2 e5 7. O-O exd4 8. Nxd4
Re8 9. f3 c6 10. Nc2 Na6 11. Kh1 Nc7 12. Bf4 d5 13. cxd5 cxd5 14. Bxc7 Qxc7 15.
exd5 Bd7 16. Qd2 Rac8 17. Na3 Qa5 18. Bc4 a6 19. Bb3 b5 20. Nc2 b4 21. Ne2 Qb6
22. Ned4 a5 23. a4 Rc5 24. Ne3 Bh6 25. f4 Re4 26. Nc4 Rxc4 27. Bxc4 Qxd4 28.
Qxd4 Rxd4 29. b3 Bxf4 30. g3 Be5 31. Rae1 Re4 32. Rxe4 Nxe4 33. Re1 f5 34. g4
Bd6 35. gxf5 Bxf5 36. Re2 Nf6 37. Kg1 Kf7 38. Rd2 Be4 39. Kf1 g5 40. Rf2 Kg6 41.
Rd2 Kf5 42. Rf2+ Ke5 43. Re2 Nxd5 44. Bd3 Nc3 0-1